| 000 | 01024naa a22002897a 4500 | ||
|---|---|---|---|
| 001 | BR9102850 | ||
| 003 | BR-BrBNA | ||
| 005 | 20240918180723.0 | ||
| 007 | ta | ||
| 008 | 230509b bl.||||| |||| 00| 0 por d | ||
| 040 |
_aBR-BrBNA _bpor _cBiblioteca Nacional de Agricultura |
||
| 041 | _a(Pt) | ||
| 072 |
_aE13 _b1850 _bG514 |
||
| 090 | _aE13 BR9102850 | ||
| 100 | 1 | _aCambraia, R.T. | |
| 100 | 1 | _aDuraes, A.M. | |
| 111 | 1 |
_a1. Encontro Nacional de Producao e Abastecimento de Tomate _cVicosa, MG (Brazil) _d28 Aug - 01 Sep 1989 |
|
| 245 | 1 | _aCredito rural | |
| 260 | 3 |
_aVicosa, MG (Brasil): _c1989. |
|
| 500 | _aAnais do 1. Encontro Nacional de Producao e Abastecimento de Tomate Vicosa, MG (Brasil): 1989. p. 27-35 (BR9102850-AM)E13 | ||
| 650 | _aTOMATE | ||
| 650 | _aCREDITO RURAL | ||
| 650 | _aINVESTIMENTO | ||
| 773 | 0 |
_tAnais do 1. Encontro Nacional de Producao e Abastecimento de Tomate _wE13 BR9102850 _gVicosa, MG (Brasil), 1989. p. 27-35 |
|
| 909 |
_a202404 _bLucia _c55 _dLucia Elande |
||
| 942 |
_cAM _2AGRIS |
||
| 999 |
_c321817 _d321817 |
||